00393nam a2200109 a 4500001000500000005001700005008004100022050002100063245006600084999001900150952011400169414020140414131940.0090218s19uu xx 00 eng d aTR 170bSe1 2005 aIn search of the missing light :ba book about not giving up. c112587d112587 00104050aMUbMUcTRd2009-02-18eLib. Fundl0oTR 170 Se1 2005pM3928r2014-04-14 00:00:00w2014-04-14yBK